|
|
|
|
| LEADER |
00000cam a2200000 a 4500 |
| 001 |
vtls001073812 |
| 003 |
SK-MaSNL |
| 005 |
20260301141835.0 |
| 008 |
240318s1994 xo g 00000 slo |
| 015 |
|
|
|a SNBA1994/01
|
| 020 |
|
|
|a 8071472301
|q (brož.)
|
| 035 |
|
|
|a 071CBBE1-FFEB-4736-8081-9A7D04221577
|
| 035 |
|
|
|a SNK000016644
|
| 035 |
|
|
|a urn:nbn:sk:snk-am003llg
|
| 035 |
|
|
|a urn:nbn:sk:snk-amjay8
|
| 040 |
|
|
|a SNK
|b slo
|c SNK
|e AACR2
|
| 041 |
0 |
|
|a slo
|
| 044 |
|
|
|a xo
|c SK
|
| 080 |
|
|
|a 133.526
|2 1981
|
| 100 |
1 |
|
|a Havelka, Emil Václav,
|d 1944-
|4 aut
|9 42346
|
| 245 |
1 |
0 |
|a Horoskop na každý deň po celý rok 1994. Baran 21. marec - 20. apríl
|c Emil Havelka
|
| 250 |
|
|
|a [1. vyd.]
|
| 260 |
|
|
|a Bratislava
|b SEMIC-Slovart, a.s.
|c 1994
|e Nitra
|f Nitrianske tlačiarne
|
| 300 |
|
|
|a 71 s.
|c 17 cm
|
| 500 |
|
|
|a Ilustr. na tit. liste
|
| 650 |
0 |
7 |
|a horoskopy
|2 SNKPH
|9 2079
|
| 655 |
|
7 |
|a monografie
|2 SNKPH
|9 70139
|
| 919 |
|
|
|a 80-7147-230-1
|
| 958 |
|
|
|a TL
|
| 999 |
|
|
|c 768430
|d 770360
|
| 952 |
|
|
|a SNK
|b SNK
|y VYP
|7 0
|p 17A0346755
|o snkSD 65964 D1
|i snkKSP 578/94
|0 0
|1 0
|4 0
|d 2002-06-24
|f 1
|l 0
|r 2004-12-31 00:00:00
|w 2026-02-24
|
| 952 |
|
|
|a SNK
|b SNK
|y PREZ
|7 0
|p 17A1045758
|o snkSD 65964
|0 0
|1 0
|4 0
|d 2013-07-18
|l 0
|r 2026-02-24 00:26:25
|w 2026-02-24
|